1530 1163 1867 1333 1885 1312 1393 1763 1294 1423 1416 1690 1178 1693 1812 1876 1749 1185 1697 1165 1081 1882 1622 1445 1241 1644 1155 1165 1200 1101 1139 1354 1015 1504 1058 1293 1146 1614 1819 1685 1929 1718 1663 1417 1742 1875 1495 1770 1769 1222 1944 1967 1692 1860 1640 1571 1874 1652 1172 1399 1587 1796 1503 1592 1840 1098 1331 1874 1646 1533 1277 1854 1393 1687 1574 1480 1359 1242 1843 1134 1649 1466 1297 1001 1073 1228 1638 1502 1588 1596 1275 1322 1352 1497 1399 1877 1864 1027 1683 BCNSPRNW ULIB Ver.6.0+V

เปลี่ยนเป็นภาษาไทย

Change to English
 แสดงรายละเอียดบรรณานุกรม
  กลับหน้าหลัก

Brief Record : Get Marc (ISO 2709) : E-mail record : QR code < ปิดหน้าต่าง
LEADER : 00000nam 2200000uu 4500
001    13399122797
003     ULIB
008    130927s2552||||th 000 0 tha d
020    ^a9786117078040
090    นว.^bภ21ร
100 0  ^aภาคินัย
245 10 ^aโรงมหรศพ /^cภาคินัย [นามแฝง]
260    ^aกรุงเทพฯ :^bโซฟา พับลิชชิ่ง,^c2552
300    ^a269 หน้า
945    ^p200^l0^i034044
999    ^aเกษร โพธิ์สุวรรณ
รายการนี้ยังไม่มีแท็ก
คุณยังไม่ได้ล็อกอิน คุณสามารถมีกิจกรรมร่วมกับเว็บไซต์ได้ แต่ต้องล็อกอินก่อน ::
  ล็อกอิน

รายการสื่อสารสนเทศ

ลำดับที่ ประเภท เลขเรียก/บาร์โค้ด สถานที่ สถานะ
1. นวนิยาย
นวนิยาย
นว. ภ21ร ฉ.1 
  Barcode: 034044
ห้องสมุดวิทยาเขตสวรรค์ประชารักษ์
►นวนิยาย
ถูกยืม กำหนดส่งวันที่ 15 ธันวาคม 2559
  จอง

รายการใกล้เคียง
    ผู้แต่ง [ภาคินัย]

BibComment


ยังไม่เคยถูกคอมเมนท์

คอมเมนท์ทรัพยากรรายการนี้
  คอมเมนท์: โรงมหรศพ ภาคินั..


 Copyright 2026. Bcnsprnw @Library